MARC details
| 000 -LEADER |
| fixed length control field |
01098 a2200301 4500 |
| 001 - CONTROL NUMBER |
| control field |
200158670 |
| 003 - CONTROL NUMBER IDENTIFIER |
| control field |
TR-AnTOB |
| 005 - DATE AND TIME OF LATEST TRANSACTION |
| control field |
20250429103638.0 |
| 008 - FIXED-LENGTH DATA ELEMENTS--GENERAL INFORMATION |
| fixed length control field |
231218b ||||| |||| 00| 0 tur d |
| 040 ## - CATALOGING SOURCE |
| Original cataloging agency |
TR-AnTOB,rde |
| Language of cataloging |
eng |
| Transcribing agency |
TR-AnTOB |
| Description conventions |
rda |
|
| Original cataloging agency |
TR-AnTOB |
| Language of cataloging |
eng |
| Transcribing agency |
TR-AnTOB |
| Description conventions |
rda |
| 041 ## - LANGUAGE CODE |
| Language code of text/sound track or separate title |
Türkçe |
| 050 ## - LIBRARY OF CONGRESS CALL NUMBER |
| Classification number |
HE268.25 |
| Item number |
.U36 2012 |
| 090 ## - LOCALLY ASSIGNED LC-TYPE CALL NUMBER (OCLC); LOCAL CALL NUMBER (RLIN) |
| Classification number (OCLC) (R) ; Classification number, CALL (RLIN) (NR) |
HE268.25 .U36 2012 |
| 245 #0 - TITLE STATEMENT |
| Title |
Ulaşan ve erişen Türkiye 2012 / |
| Statement of responsibility, etc. |
T.C. Ulaştırma Denizcilik ve Haberleşme Bakanlığı. |
| 264 #1 - PRODUCTION, PUBLICATION, DISTRIBUTION, MANUFACTURE, AND COPYRIGHT NOTICE |
| Place of production, publication, distribution, manufacture |
Ankara: |
| Name of producer, publisher, distributor, manufacturer |
Ulaştırma Denizcilik ve Haberleşme Bakanlığı, |
| Date of production, publication, distribution, manufacture, or copyright notice |
2012. |
| 300 ## - PHYSICAL DESCRIPTION |
| Extent |
447 p.: |
| Other physical details |
illus., maps, charts; |
| Dimensions |
29 cm. |
| 650 ## - SUBJECT ADDED ENTRY--TOPICAL TERM |
| Topical term or geographic name entry element |
Information technology |
| General subdivision |
Economic aspects |
| Geographic subdivision |
Turkey |
| 9 (RLIN) |
33815 |
|
| Topical term or geographic name entry element |
Bilgi teknolojisi |
| General subdivision |
Ekonomik yönleri |
| Geographic subdivision |
Türkiye |
| 9 (RLIN) |
33817 |
|
| Topical term or geographic name entry element |
Transportation |
| Geographic subdivision |
Turkey |
| 9 (RLIN) |
37326 |
|
| Topical term or geographic name entry element |
Communication |
| Geographic subdivision |
Turkey |
| 9 (RLIN) |
41287 |
|
| Topical term or geographic name entry element |
Ulaştırma |
| Geographic subdivision |
Türkiye |
| 9 (RLIN) |
69784 |
|
| Topical term or geographic name entry element |
İletişim |
| Geographic subdivision |
Türkiye |
| 9 (RLIN) |
41283 |
| 710 2# - ADDED ENTRY--CORPORATE NAME |
| Corporate name or jurisdiction name as entry element |
Türkiye. |
| Subordinate unit |
Ulaştırma, Denizcilik ve Haberleşme Bakanlığı |
| 9 (RLIN) |
95589 |
| 942 ## - ADDED ENTRY ELEMENTS (KOHA) |
| Koha item type |
Book |
| Source of classification or shelving scheme |
Library of Congress Classification |
| 990 ## - EQUIVALENCES OR CROSS-REFERENCES [LOCAL, CANADA] |
| Link information for 9XX fields |
t.o 20.12.2013 |